000 00781nja a2200205 a 4500
003 BLK
005 20240430005255.0
008 180414c bul|r|ner|||| 00| c0bul d
010 _aNOT00003072199
040 _aBLK
700 _aСлавейков, Пенчо Петков
_d1866-1912
_gПоет. Фолклорист. Преводач от немски и руски език.
_9364367
245 1 0 _aКоледари
_bЗа тригласен хор
_cтекст Пенчо Петков Славейков.
257 _aBGR
380 _a7
773 _0315112
_9667894
_tГодината в песни
852 _aЦб М ІІ 11784
942 _cNOT
_n0
944 _aCR
_c14.01.2010
_k
_lCRON CRON
944 _aED
_c12.11.2014
_kВиолета_Тройчева
999 _c315311
_d315311